[Event "Warsaw Maciei Memorial"]
[Site "Warsaw"]
[Date "2025.07.07"]
[Round "11"]
[White "Alvarado, Carlos"]
[Black "Silich, Yahor"]
[Result "0-1"]
[WhiteElo "2032"]
[BlackElo "2216"]
[PlyCount "114"]
[EventDate "2025.07.07"]
[EventType "swiss (blitz)"]
[EventRounds "11"]
[EventCountry "POL"]
[SourceTitle "CB28_2025"]
[SourceDate "2025.07.09"]
[SourceVersion "1"]
[SourceVersionDate "2025.07.09"]
[SourceQuality "1"]

1. Nf3 Nf6 2. d4 g6 3. Bg5 Bg7 4. Nbd2 d6 5. c3 h6 6. Bh4 0-0 7. e4 c5 8. dxc5 dxc5 9. Be2 Nc6 10. 0-0 Nh5 11. Re1 b6 12. Qc2 g5 13. Bg3 Nxg3 14. hxg3 Bb7 15. Rad1 Qc7 16. Nh2 Rad8 17. Nhf1 Ne5 18. Ne3 e6 19. Nf3 Bc6 20. a4 Rd7 21. Bb5 Rfd8 22. Rxd7 Rxd7 23. Nxe5 Bxe5 24. Bxc6 Qxc6 25. Nc4 Bg7 26. f3 a6 27. Rd1 b5 28. axb5 axb5 29. Rxd7 Qxd7 30. Qd2 Qxd2 31. Nxd2 Be5 32. Kf2 f5 33. exf5 exf5 34. g4 fxg4 35. fxg4 Kf7 36. Kf3 Bf4 37. Ne4 c4 38. g3 Bc1 39. Nd6+ Ke6 40. Nxb5 Kd5 41. Nd4 Bxb2 42. Ne2 Ba3 43. Ke3 Bc5+ 44. Kf3 Ke5 45. Nc1 Ba3 46. Ne2 Bc5 47. Nc1 Bd6 48. Ne2 Bc5 49. Nc1 Ba7 50. Na2 Bc5 51. Nc1 Ba7 52. Na2 Bb6 53. Nc1 Bc5 54. Ne2 Ba3 55. Ke3 Kd5 56. Nd4 Bc5 57. Kd2 Bxd4 0-1

[Event "Warsaw Maciei Memorial"]
[Site "Warsaw"]
[Date "2025.07.07"]
[Round "10"]
[White "Chitre, Arush"]
[Black "Alvarado, Carlos"]
[Result "1-0"]
[WhiteElo "2151"]
[BlackElo "2032"]
[PlyCount "61"]
[EventDate "2025.07.07"]
[EventType "swiss (blitz)"]
[EventRounds "11"]
[EventCountry "POL"]
[SourceTitle "CB28_2025"]
[SourceDate "2025.07.09"]
[SourceVersion "1"]
[SourceVersionDate "2025.07.09"]
[SourceQuality "1"]

1. d4 Nf6 2. Bf4 c5 3. e3 Nc6 4. Nf3 e6 5. Nc3 a6 6. d5 exd5 7. Nxd5 Qa5+ 8. c3 Nxd5 9. Qxd5 Be7 10. Bc4 0-0 11. Qh5 d5 12. Bxd5 c4 13. Ng5 Bxg5 14. Qxg5 Qb5 15. 0-0-0 Be6 16. Bxe6 fxe6 17. Qxb5 axb5 18. a3 Rfd8 19. Bg5 Rd5 20. Rxd5 exd5 21. Rd1 h6 22. Bh4 g5 23. Bg3 Rd8 24. h4 Kf7 25. hxg5 hxg5 26. Kc2 Ke6 27. Rh1 Rd7 28. Rh6+ Kf5 29. f3 Re7 30. Bf2 Re6 31. g4+ 1-0

[Event "Titled Tuesday intern op 03rd Jan Late"]
[Site "Chess.com INT"]
[Date "2025.06.03"]
[Round "11"]
[White "Alvarado, Carlos"]
[Black "Blackburn, Jonathan LB"]
[Result "0-1"]
[WhiteElo "2032"]
[BlackElo "2200"]
[PlyCount "66"]
[EventDate "2025.06.03"]
[EventType "swiss (blitz)"]
[EventRounds "11"]
[EventCountry "USA"]
[SourceTitle "CB24_2025"]
[SourceDate "2025.06.11"]
[SourceVersion "1"]
[SourceVersionDate "2025.06.11"]
[SourceQuality "1"]

1. Nf3 Nf6 2. b3 g6 3. Bb2 Bg7 4. g3 0-0 5. Bg2 d6 6. d4 c5 7. 0-0 Nc6 8. d5 Na5 9. c4 a6 10. Na3 Rb8 11. Nd2 b5 12. h3 Bd7 13. e4 e5 14. f4 Nh5 15. fxe5 Nxg3 16. Rf3 Nh5 17. Qe1 Qg5 18. h4 Qg4 19. Nf1 Nf4 20. Ne3 Nxg2 21. Nxg2 Qxf3 22. Qxa5 Qe2 23. Rb1 Bh3 24. Ne1 Qg4+ 25. Kf2 Qxh4+ 26. Ke2 Qxe4+ 27. Kf2 b4 28. Nac2 Bxe5 29. Bxe5 Qxe5 30. Rd1 Rbe8 31. Rd2 Qf4+ 32. Nf3 Bg4 33. Rd3 Bf5 0-1

[Event "Titled Tuesday intern op 01st Apr Late"]
[Site "Chess.com INT"]
[Date "2025.04.01"]
[Round "4"]
[White "Alvarado, Carlos"]
[Black "Peed, Grant"]
[Result "1-0"]
[WhiteElo "2032"]
[BlackElo "1818"]
[PlyCount "126"]
[EventDate "2025.04.01"]
[EventType "swiss (blitz)"]
[EventRounds "11"]
[EventCountry "USA"]
[SourceTitle "CB21_2025"]
[SourceDate "2025.05.21"]
[SourceVersion "1"]
[SourceVersionDate "2025.05.21"]
[SourceQuality "1"]

1. Nf3 d5 2. d4 Nf6 3. c4 c6 4. e3 Bf5 5. Qb3 Qb6 6. Nc3 e6 7. Qxb6 axb6 8. Bd2 h6 9. Be2 Nbd7 10. 0-0 Bd6 11. a3 0-0 12. Rac1 Ne4 13. Rfd1 Nxd2 14. Rxd2 Nf6 15. h3 g5 16. Nh2 Kg7 17. Nf1 Ne4 18. Nxe4 Bxe4 19. f3 Bg6 20. Bd3 f5 21. Re2 Ra4 22. Nd2 Bh5 23. g4 fxg4 24. hxg4 Bg6 25. Bxg6 Kxg6 26. Kg2 Ra5 27. Rf1 b5 28. c5 Bc7 29. Nb1 Ra4 30. b3 Raa8 31. b4 Ra7 32. f4 gxf4 33. exf4 Rxf4 34. Rxe6+ Kg5 35. Rxf4 Bxf4 36. Kf3 Bc1 37. Re7 Bxa3 38. Nc3 Bxb4 39. Ne2 Bd2 40. Rg7+ Kf6 41. Rg8 Kf7 42. Rb8 Bg5 43. Ng3 Ke7 44. Nf5+ Kd7 45. Nd6 Ra3+ 46. Kg2 Rd3 47. Rxb7+ Ke6 48. Rc7 Rxd4 49. Kg3 Rd3+ 50. Kf2 Rd2+ 51. Ke1 Rg2 52. Rxc6 Ke5 53. Nxb5 Rxg4 54. Rc8 d4 55. c6 d3 56. c7 Be3 57. Re8+ Kf4 58. Rf8+ Ke4 59. c8Q Rg1+ 60. Rf1 d2+ 61. Ke2 Rxf1 62. Qe6+ Kf4 63. Qf6+ Kg3 1-0

[Event "Titled Tuesday intern op 11th Mar Late"]
[Site "Chess.com INT"]
[Date "2025.03.11"]
[Round "8"]
[White "Muniz, Francisco Allysson"]
[Black "Alvarado, Carlos"]
[Result "0-1"]
[WhiteElo "2181"]
[BlackElo "2032"]
[PlyCount "138"]
[EventDate "2025.03.11"]
[EventType "swiss (blitz)"]
[EventRounds "11"]
[EventCountry "USA"]
[SourceTitle "CB12_2025"]
[SourceDate "2025.03.19"]
[SourceVersion "1"]
[SourceVersionDate "2025.03.19"]
[SourceQuality "1"]

1. d4 b6 2. e4 Bb7 3. Nc3 g6 4. Bc4 Bg7 5. Nge2 a6 6. a4 e6 7. 0-0 Ne7 8. f4 d5 9. exd5 exd5 10. Bd3 f5 11. Be3 Nd7 12. Ng3 Nf6 13. Qd2 0-0 14. Be2 Nc8 15. Bf3 Nd6 16. b3 c6 17. Nd1 a5 18. Nf2 Re8 19. Nd3 Ba6 20. Rfe1 Nde4 21. Bxe4 Nxe4 22. Nxe4 dxe4 23. Ne5 c5 24. Rad1 cxd4 25. Bxd4 Qc7 26. c3 Red8 27. Qe3 Rab8 28. h4 b5 29. axb5 Bxb5 30. c4 Be8 31. Qc3 Bf8 32. Kh2 Bb4 33. Qe3 Bxe1 34. Rxe1 Qe7 35. Qh3 Rxd4 36. h5 Rbd8 37. hxg6 hxg6 38. Re3 Qh7 39. Qxh7+ Kxh7 40. g4 Rd1 41. gxf5 gxf5 42. Rh3+ Kg7 43. Rg3+ Kf6 44. Rh3 R8d2+ 45. Kg3 Rb1 46. Rh6+ Ke7 47. Rh7+ Kd6 48. Rb7 Kc5 49. Rb8 Bh5 50. Kh4 Be2 51. Kg5 e3 52. Kxf5 Bd3+ 53. Ke6 e2 54. Nf3 e1Q+ 55. Nxe1 Rxe1+ 56. Kd7 Bxc4+ 57. Kc7 Bb5 58. f5 Re7+ 59. Kc8 Re8+ 60. Kb7 Rxb8+ 61. Kxb8 Rd7 62. Kc8 Rf7 63. Kb8 Kb4 64. f6 Kxb3 65. Kc8 a4 66. Kb8 a3 67. Kc8 a2 68. Kb8 a1Q 69. Kc8 Qa8# 0-1

[Event "Titled Tuesday intern op 04th Feb Late"]
[Site "Chess.com INT"]
[Date "2025.02.04"]
[Round "4"]
[White "Kandil, Adham"]
[Black "Alvarado, Carlos"]
[Result "0-1"]
[WhiteElo "2265"]
[BlackElo "2032"]
[PlyCount "120"]
[EventDate "2025.02.04"]
[EventType "swiss (blitz)"]
[EventRounds "11"]
[EventCountry "USA"]
[SourceTitle "CB07_2025"]
[SourceDate "2025.02.12"]
[SourceVersion "1"]
[SourceVersionDate "2025.02.12"]
[SourceQuality "1"]

1. e4 c6 2. d4 d5 3. exd5 cxd5 4. c4 e6 5. Nc3 Nf6 6. Nf3 Be7 7. c5 0-0 8. Bd3 b6 9. b4 a5 10. Na4 bxc5 11. bxc5 Ba6 12. 0-0 Bxd3 13. Qxd3 Nc6 14. Nb6 Rb8 15. Bf4 Rb7 16. Qb5 Qe8 17. Rab1 Ne4 18. Rfc1 f6 19. Bd6 Rf7 20. a3 g5 21. h3 h5 22. Ne1 Kf8 23. Bxe7+ Rfxe7 24. Qe2 Nxd4 25. Qe3 Nf5 26. Qe2 Rbc7 27. Qb5 Qxb5 28. Rxb5 Nd4 29. Rb2 Rxc5 30. Rd1 Nf5 31. Na4 Rc8 32. f3 Nc3 33. Rc1 Rec7 34. Nb6 Ne2+ 35. Rxe2 Rxc1 36. Nxc8 Rxc8 37. Rxe6 Kf7 38. Ra6 Rc1 39. Kf2 h4 40. Rxa5 Ke6 41. Ra6+ Nd6 42. a4 Ra1 43. Nd3 Ra2+ 44. Kf1 Ke7 45. Ra5 Nc4 46. Ra7+ Kd6 47. Ra6+ Ke7 48. Nb4 Ne3+ 49. Ke1 Rxg2 50. Ra7+ Ke6 51. Ra6+ Ke5 52. Nd3+ Kd4 53. Nf2 f5 54. Rb6 Rg1+ 55. Ke2 Ra1 56. Rb4+ Nc4 57. Nd3 Ra2+ 58. Kd1 Kc3 59. Nc1 Rd2+ 60. Ke1 Kxb4 0-1

[Event "Titled Tuesday intern op 21st Jan Late"]
[Site "Chess.com INT"]
[Date "2025.01.21"]
[Round "2"]
[White "Alvarado, Carlos"]
[Black "Labog, Eric Jr"]
[Result "0-1"]
[WhiteElo "2032"]
[BlackElo "2291"]
[PlyCount "76"]
[EventDate "2025.01.21"]
[EventType "swiss (blitz)"]
[EventRounds "11"]
[EventCountry "USA"]
[SourceTitle "CB05_2025"]
[SourceDate "2025.01.29"]
[SourceVersion "1"]
[SourceVersionDate "2025.01.29"]
[SourceQuality "1"]

1. d4 Nf6 2. Nf3 g6 3. Bg5 Bg7 4. Nbd2 d5 5. c3 0-0 6. e3 c5 7. dxc5 a5 8. a4 h6 9. Bh4 Nc6 10. Bb5 g5 11. Bg3 Nh5 12. Nd4 Nxg3 13. hxg3 Bd7 14. Qh5 e5 15. N4f3 Qe7 16. Nb3 g4 17. Nh4 Qg5 18. Qxg5 hxg5 19. 0-0-0 gxh4 20. Rxh4 Be6 21. Rdh1 d4 22. Nd2 dxc3 23. bxc3 f5 24. Nc4 e4 25. Kc2 Rac8 26. Nd6 Rc7 27. Rb1 Ne5 28. Rhh1 Nf7 29. Rhd1 Rxc5 30. Nxb7 Rxc3+ 31. Kd2 Rfc8 32. Nxa5 Rc2+ 33. Ke1 Bc3+ 34. Kf1 Bxa5 35. Bd7 Bxd7 36. Rxd7 Rc1+ 37. Rxc1 Rxc1+ 38. Ke2 Re1# 0-1

[Event "Titled Tuesday intern op 21st Jan Late"]
[Site "Chess.com INT"]
[Date "2025.01.21"]
[Round "8"]
[White "Bonte, Andrei Mihai"]
[Black "Alvarado, Carlos"]
[Result "1/2-1/2"]
[WhiteElo "2241"]
[BlackElo "2032"]
[PlyCount "93"]
[EventDate "2025.01.21"]
[EventType "swiss (blitz)"]
[EventRounds "11"]
[EventCountry "USA"]
[SourceTitle "CB05_2025"]
[SourceDate "2025.01.29"]
[SourceVersion "1"]
[SourceVersionDate "2025.01.29"]
[SourceQuality "1"]

1. d4 Nf6 2. Nf3 d5 3. Bf4 c6 4. e3 Bg4 5. Nbd2 Nbd7 6. Be2 e6 7. 0-0 b5 8. h3 Bxf3 9. Nxf3 Nb6 10. b3 Bd6 11. a4 bxa4 12. Bxd6 Qxd6 13. bxa4 0-0 14. a5 Nbd7 15. c4 c5 16. cxd5 Nxd5 17. Bc4 Nc3 18. Qc2 cxd4 19. Nxd4 Nd5 20. Bxd5 Qxd5 21. Rfd1 Qc5 22. Qxc5 Nxc5 23. Rac1 Rfc8 24. Nb5 a6 25. Nd6 Rc6 26. Ne4 Nxe4 27. Rxc6 g5 28. Rd4 Nf6 29. Rdd6 Rb8 30. Rb6 Rc8 31. Rdc6 Rd8 32. Rxa6 Rd1+ 33. Kh2 Rd2 34. f3 Nd5 35. Rd6 Ra2 36. Rxd5 exd5 37. Ra8+ Kg7 38. a6 h5 39. Kg3 Kf6 40. h4 gxh4+ 41. Kxh4 Rxg2 42. Rh8 Ra2 43. Kxh5 Kf5 44. e4+ dxe4 45. fxe4+ Kxe4 46. Kg5 Rxa6 47. Rf8 1/2-1/2

[Event "Titled Tuesday intern op 07th Jan Early"]
[Site "Chess.com INT"]
[Date "2025.01.07"]
[Round "3"]
[White "Alvarado, Carlos"]
[Black "Kiseljova, Marya"]
[Result "1-0"]
[WhiteElo "2032"]
[BlackElo "2031"]
[PlyCount "115"]
[EventDate "2025.01.07"]
[EventType "swiss (blitz)"]
[EventRounds "11"]
[EventCountry "USA"]
[SourceTitle "CB03_2025"]
[SourceDate "2025.01.15"]
[SourceVersion "1"]
[SourceVersionDate "2025.01.15"]
[SourceQuality "1"]

1. e4 c5 2. b3 g6 3. Bb2 Nf6 4. e5 Nd5 5. c4 Nc7 6. e6 f6 7. exd7+ Nxd7 8. g3 Bg7 9. Bg2 0-0 10. Ne2 e5 11. Nbc3 Kh8 12. 0-0 f5 13. d3 Nf6 14. h3 Be6 15. Qc2 Rb8 16. f4 exf4 17. Nxf4 Bf7 18. Nce2 Ne6 19. Nxe6 Bxe6 20. d4 cxd4 21. Bxd4 b6 22. Rad1 Qc7 23. Nf4 Bg8 24. Rfe1 Rbe8 25. Kh2 Ne4 26. Bxg7+ Qxg7 27. Bxe4 fxe4 28. Rxe4 Rxe4 29. Qxe4 Qb2+ 30. Qg2 Qc3 31. Qd2 Qf6 32. h4 Kg7 33. Qd4 Re8 34. Qxf6+ Kxf6 35. Rd2 h6 36. Kg2 g5 37. hxg5+ hxg5 38. Ne2 Be6 39. Nc3 Bg4 40. Kf2 Be6 41. Re2 Rf8 42. Ke3 Bg4 43. Rf2+ Ke7 44. Rxf8 Kxf8 45. Kd4 Ke7 46. Ke5 Bf3 47. a3 g4 48. b4 Kd7 49. Nd5 Be2 50. Ne3 Kc6 51. Kd4 a5 52. c5 axb4 53. axb4 bxc5+ 54. bxc5 Bf3 55. Nc4 Bd1 56. Ne5+ Kb5 57. Kd5 Bb3+ 58. Kd6 1-0

[Event "Titled Tuesday intern op 07th Jan Early"]
[Site "Chess.com INT"]
[Date "2025.01.07"]
[Round "5"]
[White "Novikova, Margarita"]
[Black "Alvarado, Carlos"]
[Result "1-0"]
[WhiteElo "1977"]
[BlackElo "2032"]
[PlyCount "69"]
[EventDate "2025.01.07"]
[EventType "swiss (blitz)"]
[EventRounds "11"]
[EventCountry "USA"]
[SourceTitle "CB03_2025"]
[SourceDate "2025.01.15"]
[SourceVersion "1"]
[SourceVersionDate "2025.01.15"]
[SourceQuality "1"]

1. e4 c5 2. Nc3 Nc6 3. d3 g6 4. Be3 d6 5. Qd2 Bg7 6. g3 e6 7. Bg2 Nd4 8. Nd1 Ne7 9. c3 Ndc6 10. Bh6 0-0 11. h4 f6 12. Bxg7 Kxg7 13. h5 g5 14. h6+ Kh8 15. Ne2 Rb8 16. Ne3 b5 17. d4 cxd4 18. Nxd4 Nxd4 19. cxd4 Bb7 20. 0-0 d5 21. e5 fxe5 22. dxe5 Ng6 23. Ng4 d4 24. Bxb7 Rxb7 25. Rad1 Rd7 26. Nf6 Rxf6 27. exf6 Qxf6 28. Qd3 Ne5 29. Qxb5 Rd8 30. f4 gxf4 31. Rxf4 Qg5 32. Kg2 Ng6 33. Rfxd4 Rxd4 34. Rxd4 Qxb5 35. Rd8+ 1-0

[Event "Titled Tuesday intern op 07th Jan Early"]
[Site "Chess.com INT"]
[Date "2025.01.07"]
[Round "4"]
[White "Vershinin, Igor1"]
[Black "Alvarado, Carlos"]
[Result "1-0"]
[WhiteElo "2310"]
[BlackElo "2032"]
[PlyCount "97"]
[EventDate "2025.01.07"]
[EventType "swiss (blitz)"]
[EventRounds "11"]
[EventCountry "USA"]
[SourceTitle "CB03_2025"]
[SourceDate "2025.01.15"]
[SourceVersion "1"]
[SourceVersionDate "2025.01.15"]
[SourceQuality "1"]

1. b3 c6 2. Bb2 d5 3. d3 Nf6 4. Nd2 Nbd7 5. Ngf3 e6 6. g3 Be7 7. Bg2 0-0 8. 0-0 a5 9. a3 b6 10. c4 Bb7 11. e4 Nc5 12. Qe2 dxe4 13. Nxe4 Qxd3 14. Qxd3 Nxd3 15. Bxf6 Bxf6 16. Rad1 Ne5 17. Nxf6+ gxf6 18. Nxe5 fxe5 19. Rd7 Rab8 20. Rfd1 Ba8 21. Ra7 c5 22. Rdd7 Bxg2 23. Kxg2 Rbd8 24. Kf3 Rxd7 25. Rxd7 Kg7 26. Ke4 Kf6 27. a4 Rc8 28. f3 Rc6 29. h4 h5 30. g4 hxg4 31. fxg4 Kg6 32. h5+ Kf6 33. Rd8 Rc7 34. h6 Kg6 35. g5 f5+ 36. Kxe5 Kxg5 37. Kxe6 f4 38. Rf8 Rc6+ 39. Ke5 Rxh6 40. Rf5+ Kg4 41. Rxf4+ Kg3 42. Rf6 Rxf6 43. Kxf6 Kf4 44. Ke6 Ke4 45. Kd6 Kd4 46. Kc6 Kc3 47. Kxb6 Kxb3 48. Kb5 Ka3 49. Kxa5 1-0

[Event "Titled Tuesday intern op 26th Nov Late"]
[Site "Chess.com INT"]
[Date "2024.11.26"]
[Round "4"]
[White "Alvarado, Carlos"]
[Black "Chemin, Vitorio"]
[Result "1-0"]
[WhiteElo "2032"]
[BlackElo "2134"]
[PlyCount "109"]
[EventDate "2024.11.26"]
[EventType "swiss (blitz)"]
[EventRounds "11"]
[EventCountry "USA"]
[SourceTitle "CB49_2024"]
[SourceDate "2024.12.04"]
[SourceVersion "1"]
[SourceVersionDate "2024.12.04"]
[SourceQuality "1"]

1. d4 d5 2. Nf3 e6 3. c4 c5 4. dxc5 Bxc5 5. a3 dxc4 6. Qxd8+ Kxd8 7. Ne5 Ke7 8. Nxc4 a6 9. Nc3 Nc6 10. e3 b5 11. Nd2 Bb7 12. Be2 Nf6 13. b4 Bb6 14. Bf3 Rad8 15. Bb2 Ne5 16. Bxb7 Nd3+ 17. Ke2 Nxb2 18. Bxa6 Nc4 19. Nxc4 bxc4 20. Bxc4 Rc8 21. Na4 Rxc4 22. Nxb6 Rc2+ 23. Kf3 g5 24. h3 h5 25. g4 hxg4+ 26. hxg4 Rb8 27. Na4 Rd8 28. Rhc1 Rxc1 29. Rxc1 Ra8 30. Nb6 Rxa3 31. Rc7+ Kf8 32. Nc8 Nd5 33. Rb7 f5 34. gxf5 e5 35. Ke4 Nf6+ 36. Kxe5 Ng4+ 37. Ke6 Nxf2 38. Rf7+ Kg8 39. Ne7+ Kh8 40. Ng6+ Kg8 41. Kf6 Ra6+ 42. Kxg5 Ne4+ 43. Kf4 Nd6 44. Rf8+ Kg7 45. Rb8 Nf7 46. e4 Ra1 47. Nf8 Rf1+ 48. Kg3 Ne5 49. Ne6+ Kf6 50. Nf4 Rf3+ 51. Kg2 Rxf4 52. Rb6+ Kf7 53. Re6 Rxe4 54. b5 Re3 55. b6 1-0